Statistics for The John F. Kennedy Presidency

Click here to take the quiz!

General Stats

  • This quiz has been taken 20,384 times
  • The average score is 18 of 23

Answer Stats

Hint Answer % Correct
Religious affiliationCatholic
95%
City where he was assassinatedDallas
93%
Nuclear standoff{Cuban} Missile Crisis
93%
Actress who sang "Happy Birthday" to himMarilyn Monroe
93%
Ill-fated plan to overthrow CastroBay of {Pigs}
Invasion
92%
Wife's first nameJacqueline
90%
His Vice PresidentLyndon B. Johnson
89%
Attorney general brotherRobert
88%
His middle nameFitzgerald
85%
Where he wanted the US to land
before 1970
The Moon
85%
Name of the assassinLee Harvey
Oswald
83%
1960 election opponentRichard Nixon
80%
EthnicityIrish-American
79%
Fill-in-the-blank{Ask} {not} what your country can do for you
77%
Home stateMassachusetts
76%
Congressman brotherTed
74%
Fill-in-the-blankIch bin ein {Berliner}
71%
Government program announced in 1960{Peace} Corps
70%
What marks his gravesiteEternal {Flame}
68%
Arthurian name for his PresidencyCamelot
55%
Father's nameJoseph
49%
Book for which he won
a Pulitzer
Profiles in {Courage}
45%
Mother's nameRose
44%

Score Distribution

Percentile by Number Answered

Percent of People with Each Score

Your Score History

You have not taken this quiz